| Tag |
First Indicator |
Second Indicator |
Subfields |
| LEADER |
00000cam a2200000Ka 4500 |
| 001 |
in00002782332 |
| 005 |
20210728124843.0 |
| 006 |
m d |
| 007 |
cr cn||||||||| |
| 008 |
120504s2012 nju o 001 0 eng d |
| 020 |
|
|
|a 1118173058 (electronic bk.)
|
| 020 |
|
|
|a 9781118173053 (electronic bk.)
|
| 035 |
|
|
|a (OCoLC)793103473
|
| 035 |
|
|
|a (OCoLC)ocn793103473
|
| 035 |
|
|
|a 3997032
|
| 037 |
|
|
|a 10.1002/9781118173053
|b Wiley InterScience
|n http://www3.interscience.wiley.com
|
| 040 |
|
|
|a DG1
|b eng
|c DG1
|d TXA
|d UtOrBLW
|
| 049 |
|
|
|a TXAM
|
| 050 |
|
4 |
|a TK7882.I6
|b T78 2012eb
|
| 082 |
0 |
4 |
|a 621.3815/422
|2 23
|
| 100 |
1 |
|
|a Tsujimura, Takatoshi.
|0 http://id.loc.gov/authorities/names/n2011051450
|
| 245 |
1 |
0 |
|a OLED displays :
|b fundamentals and applications /
|c Takatoshi Tsujimura.
|
| 264 |
|
1 |
|a Hoboken :
|b Wiley,
|c [2012]
|
| 264 |
|
4 |
|c ©2012
|
| 300 |
|
|
|a 1 online resource.
|
| 336 |
|
|
|a text
|b txt
|2 rdacontent
|
| 337 |
|
|
|a computer
|b c
|2 rdamedia
|
| 338 |
|
|
|a online resource
|b cr
|2 rdacarrier
|
| 490 |
1 |
|
|a Wiley-SID series in display technology
|
| 500 |
|
|
|a Electronic resource.
|
| 500 |
|
|
|a Includes index.
|
| 505 |
0 |
|
|a Frontmatter -- Introduction -- OLED Display Structure -- OLED Manufacturing Process -- OLED Display Module -- TFT Substrate for OLED Driving -- Next-Generation OLED Technologies -- OLED Lighting -- New OLED Applications.
|
| 588 |
|
|
|a Description based on print version record.
|
| 650 |
|
0 |
|a Electroluminescent devices.
|0 http://id.loc.gov/authorities/subjects/sh94004641
|
| 650 |
|
0 |
|a Flat panel displays.
|0 http://id.loc.gov/authorities/subjects/sh2005001973
|
| 650 |
|
0 |
|a Organic semiconductors.
|0 http://id.loc.gov/authorities/subjects/sh85095510
|
| 655 |
|
7 |
|a Electronic books.
|2 local
|
| 830 |
|
0 |
|a Wiley Online Library.
|
| 830 |
|
0 |
|a Wiley SID series in display technology.
|0 http://id.loc.gov/authorities/names/no97056611
|
| 856 |
4 |
0 |
|u http://proxy.library.tamu.edu/login?url=https://dx.doi.org/10.1002/9781118173053
|z Connect to the full text of this electronic book
|t 0
|
| 948 |
|
|
|a cataloged
|b h
|c 2012/6/8
|d c
|e jlanham
|f 12:19:12 pm
|
| 994 |
|
|
|a C0
|b TXA
|
| 999 |
|
|
|a MARS
|
| 999 |
f |
f |
|s 913e15dd-5f08-3e13-95e4-5868482d13e2
|i c7e30fee-54df-3a4b-808e-dc162b33352b
|t 0
|
| 952 |
f |
f |
|a Texas A&M University
|b College Station
|c Electronic Resources
|d Available Online
|t 0
|e TK7882.I6 T78 2012eb
|h Library of Congress classification
|
| 998 |
f |
f |
|a TK7882.I6 T78 2012eb
|t 0
|l Available Online
|